Introduction to probability theory and its applications. V 1 (Record no. 30552)

MARC details
000 -LEADER
fixed length control field 00333nam a2200121Ia 4500
082 ## - DEWEY DECIMAL CLASSIFICATION NUMBER
Classification number 519.2
Item number FEL.1
100 ## - MAIN ENTRY--AUTHOR NAME
Personal name Feller, William
245 #0 - TITLE STATEMENT
Title Introduction to probability theory and its applications. V 1
250 ## - EDITION STATEMENT
Edition statement Ed.3
260 ## - PUBLICATION, DISTRIBUTION, ETC. (IMPRINT)
Place of publication New Delhi
Name of publisher Wiley Eastern
Year of publication 1978
942 ## - ADDED ENTRY ELEMENTS (KOHA)
Koha item type Books
Holdings
Withdrawn status Lost status Damaged status Not for loan Home library Current library Date acquired Cost, normal purchase price Full call number Accession Number Koha item type
        RRII Library RRII Library 16/12/2021 22.00 519.2 FEL.1 11124 Books